Hindu spirituality: Vedas through Vedanta (Record no. 399872)

000 -LEADER
fixed length control field 00420cam a22001457a 4500
008 - FIXED-LENGTH DATA ELEMENTS--GENERAL INFORMATION
fixed length control field 180718b1989 xxu||||| |||| 00| 0 eng d
020 ## - INTERNATIONAL STANDARD BOOK NUMBER
International Standard Book Number 0334024315
082 ## - DEWEY DECIMAL CLASSIFICATION NUMBER
Classification number AB45 Si93/89
245 ## - TITLE STATEMENT
Title Hindu spirituality: Vedas through Vedanta
Statement of responsibility, etc. edited by Krishna Sivaraman
260 ## - PUBLICATION, DISTRIBUTION, ETC.
Place of publication, distribution, etc. London
Name of publisher, distributor, etc. SCM Press
Date of publication, distribution, etc. 1989
300 ## - PHYSICAL DESCRIPTION
Extent 447p.
650 ## - SUBJECT ADDED ENTRY--TOPICAL TERM
Topical term or geographic name entry element Spiritual life - Hinduism
650 ## - SUBJECT ADDED ENTRY--TOPICAL TERM
Topical term or geographic name entry element Spirituality
700 ## - ADDED ENTRY--PERSONAL NAME
Personal name Sivaraman, Krishna
Holdings
Withdrawn status Lost status Damaged status Not for loan Permanent Location Current Location Date acquired Full call number Barcode Date last seen Price effective from Koha item type
        Indian Institute of Public Administration Indian Institute of Public Administration 2002-09-20 AB45 Si93/89 77923 2018-07-21 2018-07-21 Book

Powered by Koha